[Event "FIDE World Bl Team Final"]
[Site "Astana KAZ"]
[Date "2024.08.05"]
[Round "4.2"]
[White "Magnus Carlsen"]
[Black "Arjun Erigaisi"]
[Result "1-0"]
[EventDate "2024.08.05"]
[WhiteElo "2832"]
[BlackElo "2778"]
[PlyCount "104"]

1. e4 e6 2. d4 d5 3. Nc3 Nf6 4. e5 Nfd7 5. Nce2 c5 6. c3 Nc6 7. Nf3 Be7 8. a3 a5 9. h4 a4 10. Nf4 Qa5 11. Bd2 Qb6 12. Bc1 Qa5 13. Qd2 cxd4 14. cxd4 Nb6 15. Nh5 Kf8 16. Rh3 h6 17. Rg3 g6 18. Nf6 Nd7 19. Ng4 h5 20. Ne3 Nb6 21. Nc2 Bd7 22. Qxa5 Nxa5 23. Bg5 Rc8 24. O-O-O Bxg5+ 25. Nxg5 Ke7 26. Kb1 Rc7 27. Rf3 Rf8 28. Be2 Nbc4 29. Bxc4 dxc4 30. Nb4 Bc6 31. Rf6 Rd7 32. Kc2 Bd5 33. Kc3 b5 34. f3 Nb7 35. g4 Nd8 36. gxh5 gxh5 37. Rh6 Ke8 38. Nh7 Bxf3 39. Rf1 Bg4 40. Nxf8 Kxf8 41. Rh8+ Kg7 42. Re8 Nb7 43. Nc6 Bf5 44. Rg1+ Bg4 45. Rf1 Bf5 46. Re7 Rxe7 47. Nxe7 Bg4 48. Kb4 Kf8 49. Nc8 Nd8 50. Rf2 Nc6+ 51. Kc5 Ne7 52. Nxe7 1-0

[Event "FIDE World Rapid Team"]
[Site "Astana KAZ"]
[Date "2024.08.04"]
[Round "9.7"]
[White "Arjun Erigaisi"]
[Black "Daniil Dubov"]
[Result "1-0"]
[EventDate "2024.08.02"]
[WhiteElo "2729"]
[BlackElo "2763"]
[PlyCount "158"]

1. d4 Nf6 2. c4 g6 3. Nc3 d5 4. cxd5 Nxd5 5. e4 Nxc3 6. bxc3 Bg7 7. Bc4 c5 8. Ne2 Nc6 9. Be3 cxd4 10. cxd4 Qa5+ 11. Bd2 Qd8 12. Bc3 Bg4 13. f3 Bd7 14. Qd2 Rc8 15. O-O O-O 16. Rab1 b6 17. Rfd1 Rc7 18. Rbc1 Na5 19. Bxa5 bxa5 20. Qxa5 e6 21. Rc3 Rb7 22. Qxd8 Rxd8 23. Kf2 Rb2 24. Ke3 Ba4 25. Rdd3 h5 26. e5 Bh6+ 27. f4 g5 28. g3 Kg7 29. h4 gxh4 30. gxh4 Rb1 31. Ng3 Kf8 32. Bb3 Bb5 33. Bc4 Ba4 34. d5 exd5 35. Rxd5 Re1+ 36. Kf2 Rd1 37. Rxd8+ Rxd8 38. Ke3 Re8 39. Ra3 Bb5 40. Bxb5 Rxe5+ 41. Kf3 Rxb5 42. Rxa7 Kg8 43. f5 Re5 44. Ra6 Bf8 45. Kf4 Re1 46. Nxh5 Rh1 47. Kg4 Be7 48. f6 Bc5 49. Ng3 Rg1 50. Kf3 Bd4 51. Nf5 Be5 52. Kf2 Rb1 53. Nh6+ Kh7 54. Nxf7 Bd4+ 55. Ke2 Rb2+ 56. Kd3 Bxf6 57. Rxf6 Kg7 58. Rf4 Rxa2 59. Ne5 Kh6 60. Rf5 Ra4 61. Nf3 Kg6 62. Rb5 Kh6 63. Ke3 Rc4 64. Kf2 Rg4 65. Ra5 Rb4 66. Kg3 Rc4 67. Ne5 Rc3+ 68. Kg4 Rc7 69. Ra6+ Kh7 70. h5 Re7 71. Kf5 Rb7 72. Rd6 Rb5 73. Re6 Rb7 74. Ng4 Rb5+ 75. Re5 Rb7 76. h6 Kg8 77. Re8+ Kh7 78. Kg5 Rb5+ 79. Re5 1-0

[Event "FIDE World Rapid Team"]
[Site "Astana KAZ"]
[Date "2024.08.04"]
[Round "10.7"]
[White "Sarin Nihal"]
[Black "Arjun Erigaisi"]
[Result "1/2-1/2"]
[EventDate "2024.08.02"]
[WhiteElo "2689"]
[BlackElo "2671"]
[PlyCount "92"]

1. d4 d5 2. c4 c6 3. Nf3 Nf6 4. Nc3 e6 5. e3 Nbd7 6. h3 Bd6 7. Bd3 O-O 8. O-O dxc4 9. Bxc4 b5 10. Bd3 Bb7 11. e4 e5 12. Be3 Re8 13. dxe5 Nxe5 14. Nxe5 Bxe5 15. Qc2 Bd4 16. Rae1 a6 17. Bxd4 Qxd4 18. Ne2 Qb6 19. Ng3 Nd7 20. e5 h6 21. e6 Rxe6 22. Rxe6 fxe6 23. Rd1 Nf6 24. Ne4 Nxe4 25. Bxe4 Rd8 26. Rxd8+ Qxd8 27. Qc5 Qc7 28. b4 a5 29. a3 axb4 30. axb4 e5 31. Bg6 Bc8 32. Be4 Bb7 33. Bd5+ Kh7 34. Bb3 g6 35. h4 Kg7 36. Bc2 Kf7 37. Be4 g5 38. h5 Qe7 39. Qc3 Qd6 40. Kh2 Ke7 41. f3 Qd4 42. Qb3 Qf2 43. Qg8 Qh4+ 44. Kg1 Qe1+ 45. Kh2 Qh4+ 46. Kg1 1/2-1/2

[Event "FIDE World Rapid Team"]
[Site "Astana KAZ"]
[Date "2024.08.04"]
[Round "11.7"]
[White "Arjun Erigaisi"]
[Black "Javokhir Sindarov"]
[Result "1-0"]
[EventDate "2024.08.02"]
[WhiteElo "2671"]
[BlackElo "2607"]
[PlyCount "60"]

1. d4 Nf6 2. c4 e6 3. Nf3 d5 4. cxd5 exd5 5. Nc3 c6 6. Bf4 Bd6 7. Bxd6 Qxd6 8. e3 O-O 9. Qb3 Nbd7 10. Bd3 Re8 11. O-O Ne4 12. Bxe4 dxe4 13. Nd2 Qg6 14. f3 exf3 15. Nxf3 Rxe3 16. Nd5 Re4 17. Nc7 Rb8 18. Rae1 Rxe1 19. Rxe1 Qd6 20. Re8+ Nf8 21. Qa3 Qxa3 22. bxa3 f6 23. Nd2 b5 24. Ne4 b4 25. axb4 Rxb4 26. Rxc8 Kf7 27. Nd6+ Ke7 28. Nf5+ Kf7 29. Re8 g5 30. Re7+ 1-0

[Event "FIDE World Rapid Team"]
[Site "Astana KAZ"]
[Date "2024.08.04"]
[Round "12.7"]
[White "Nigel D Short"]
[Black "Arjun Erigaisi"]
[Result "0-1"]
[EventDate "2024.08.02"]
[WhiteElo "2548"]
[BlackElo "2671"]
[PlyCount "50"]

1. e4 c5 2. Nf3 e6 3. d4 cxd4 4. Nxd4 Nf6 5. Nc3 Bb4 6. e5 Nd5 7. Bd2 Nxc3 8. bxc3 Bf8 9. Bd3 Na6 10. f4 Nc5 11. Qf3 g6 12. O-O Nxd3 13. cxd3 Rb8 14. Rae1 b5 15. Qg3 Qc7 16. f5 gxf5 17. Bf4 Rb6 18. Nxf5 exf5 19. e6 d6 20. e7 Bxe7 21. Qg7 Rf8 22. Bg5 Be6 23. Rxf5 Rb7 24. Rf3 Qc5+ 25. Be3 Qe5 0-1

[Event "FIDE World Rapid Team"]
[Site "Astana KAZ"]
[Date "2024.08.03"]
[Round "5.1"]
[White "Arjun Erigaisi"]
[Black "Pawel Teclaf"]
[Result "1-0"]
[EventDate "2024.08.02"]
[WhiteElo "2671"]
[BlackElo "2499"]
[PlyCount "96"]

1. e4 e5 2. Nf3 Nf6 3. d3 Nc6 4. g3 d5 5. exd5 Nxd5 6. Bg2 Be7 7. O-O O-O 8. Re1 Bg4 9. h3 Bh5 10. Nc3 Nxc3 11. bxc3 Bc5 12. Qe2 f5 13. d4 Bd6 14. Qc4+ Bf7 15. Qb5 a6 16. Qf1 exd4 17. Nxd4 Nxd4 18. cxd4 Qf6 19. Qd3 f4 20. Bxf4 Bxf4 21. gxf4 Rad8 22. c3 c5 23. d5 Qxf4 24. Re3 c4 25. Qd2 Rd6 26. Rae1 Qg5 27. Rd3 Qxd2 28. Rxd2 Rfd8 29. a4 b5 30. axb5 axb5 31. Rb1 Rb6 32. Be4 Kf8 33. f3 Rdb8 34. Kf2 Ke7 35. Ke3 Kd6 36. Kd4 Ra8 37. Rg1 g6 38. Rg4 b4 39. Rb2 Rab8 40. Rf4 Ke7 41. Rxb4 Rxb4 42. cxb4 g5 43. d6+ Ke8 44. Rf5 Be6 45. Bc6+ Bd7 46. b5 c3 47. Kxc3 Rc8 48. Rc5 1-0

[Event "FIDE World Rapid Team"]
[Site "Astana KAZ"]
[Date "2024.08.03"]
[Round "6.13"]
[White "Liren Ding"]
[Black "Arjun Erigaisi"]
[Result "1/2-1/2"]
[EventDate "2024.08.02"]
[WhiteElo "2775"]
[BlackElo "2729"]
[PlyCount "78"]

1. d4 d5 2. c4 e6 3. Nf3 Nd7 4. Nc3 Ngf6 5. Bf4 Bb4 6. cxd5 exd5 7. Rc1 Ne4 8. Nd2 Nxd2 9. Qxd2 Nf6 10. e3 Bf5 11. Bd3 Bxd3 12. Qxd3 c6 13. O-O O-O 14. a3 Be7 15. Bg5 a5 16. Bxf6 Bxf6 17. Na4 Be7 18. Nc5 Qc7 19. Rc2 Bd6 20. g3 a4 21. Rc3 Ra5 22. Qc2 Rfa8 23. Kg2 g6 24. Re1 Qe7 25. Rc1 Kg7 26. Qd1 h5 27. h4 R8a7 28. Qc2 Kh7 29. Qd1 Kg7 30. Nd3 Rb5 31. Qf3 Ra6 32. R1c2 Rab6 33. Kf1 Rb3 34. Rxb3 Rxb3 35. Nc1 Rb5 36. Ne2 Rb3 37. Nc1 Rb6 38. Ne2 Rb3 39. Nc1 1/2-1/2

[Event "FIDE World Rapid Team"]
[Site "Astana KAZ"]
[Date "2024.08.03"]
[Round "7.7"]
[White "Arjun Erigaisi"]
[Black "Denis Makhnev"]
[Result "1-0"]
[EventDate "2024.08.02"]
[WhiteElo "2671"]
[BlackElo "2528"]
[PlyCount "102"]

1. d4 Nf6 2. c4 e6 3. Bg5 h6 4. Bh4 b6 5. e3 Bb7 6. Nc3 Bb4 7. Ne2 O-O 8. Qc2 d5 9. cxd5 exd5 10. O-O-O Nbd7 11. g4 Be7 12. Rg1 Re8 13. g5 Ne4 14. f4 hxg5 15. fxg5 Nxg5 16. Bg2 Nf8 17. Nf4 c6 18. Rdf1 Qd6 19. Bg3 Qh6 20. h4 Nge6 21. Qf2 Ba6 22. Nfe2 Bf6 23. Kb1 Bd3+ 24. Ka1 Kh8 25. Rd1 Bh7 26. Bf3 b5 27. Nf4 a5 28. Nh5 Nd7 29. Ne2 a4 30. Nef4 Bf5 31. Nxe6 Rxe6 32. Bf4 Qh7 33. Ng3 a3 34. Nxf5 axb2+ 35. Qxb2 Qxf5 36. Bg4 Qe4 37. Bxe6 Qxe6 38. Bg5 Bxg5 39. hxg5 Kg8 40. Rg3 Nf8 41. Rh1 Ng6 42. Rgh3 Re8 43. Qh2 Kf8 44. Rf3 Qe4 45. Rhf1 Qd3 46. Rxf7+ Kg8 47. R7f3 Nh4 48. R3f2 Ng6 49. Rh1 Qc3+ 50. Kb1 Qb4+ 51. Rb2 1-0

[Event "FIDE World Rapid Team"]
[Site "Astana KAZ"]
[Date "2024.08.03"]
[Round "8.7"]
[White "Richard Rapport"]
[Black "Arjun Erigaisi"]
[Result "1/2-1/2"]
[EventDate "2024.08.02"]
[WhiteElo "2748"]
[BlackElo "2729"]
[PlyCount "128"]

1. e4 e5 2. Nf3 Nc6 3. Bc4 Nf6 4. d3 Bc5 5. c3 d6 6. Nbd2 a6 7. Nf1 O-O 8. Ng3 h6 9. O-O Re8 10. h3 Ba7 11. Bb3 Be6 12. Re1 d5 13. exd5 Bxd5 14. Be3 Bxe3 15. Rxe3 Qd6 16. Nh4 g6 17. Rf3 Bxb3 18. Qxb3 Qe6 19. Nxg6 e4 20. dxe4 Qxb3 21. axb3 Nxe4 22. Nxe4 Rxe4 23. Nf4 Rd8 24. Nd3 Re2 25. Ra4 Rd2 26. Rg4+ Kf8 27. Rgg3 Rd6 28. b4 b6 29. Kf1 Rd1+ 30. Ke2 Rb1 31. Rf4 Re6+ 32. Re3 Rxe3+ 33. fxe3 Rg1 34. Ne1 Ne5 35. Rd4 Kg7 36. b3 f5 37. Rd5 Kf6 38. Rxe5 Rxe1+ 39. Kxe1 Kxe5 40. g4 fxg4 41. hxg4 Ke4 42. Ke2 c5 43. bxc5 bxc5 44. c4 a5 45. Kf2 Kd3 46. Kf3 Kc3 47. e4 Kxb3 48. e5 a4 49. e6 a3 50. e7 a2 51. e8=Q a1=Q 52. Qb5+ Kc3 53. Qxc5 Qf1+ 54. Kg3 Qe1+ 55. Kf3 Qf1+ 56. Ke4 Qg2+ 57. Kf4 Qf1+ 58. Ke5 Qe2+ 59. Kd6 Qxc4 60. Qxc4+ Kxc4 61. Ke5 Kd3 62. Kf5 Ke3 63. Kg6 Kf4 64. Kxh6 Kxg4 1/2-1/2

[Event "FIDE World Rapid Team"]
[Site "Astana KAZ"]
[Date "2024.08.02"]
[Round "1.13"]
[White "Arjun Erigaisi"]
[Black "Erkin Kozganbay"]
[Result "1-0"]
[EventDate "2024.08.02"]
[WhiteElo "2671"]
[BlackElo "2162"]
[PlyCount "90"]

1. c4 Nf6 2. Nf3 e6 3. b3 b6 4. Bb2 Bb7 5. g3 c5 6. Bg2 Be7 7. O-O O-O 8. e3 d5 9. Qe2 Nc6 10. Na3 dxc4 11. Nxc4 b5 12. Nce5 Nxe5 13. Nxe5 Bxg2 14. Kxg2 Qb6 15. d4 Qb7+ 16. Qf3 Qxf3+ 17. Kxf3 Rfc8 18. Rfc1 cxd4 19. Bxd4 Ba3 20. Rc6 Rxc6 21. Nxc6 a6 22. Rd1 Nd5 23. e4 Ne7 24. Nxe7+ Bxe7 25. Rc1 Rd8 26. Bb6 Rb8 27. Rc6 Ra8 28. Ba5 Kf8 29. e5 Ke8 30. Ke4 h5 31. f4 g6 32. h3 Kd7 33. Rc7+ Ke8 34. Rb7 Rc8 35. Bc7 Bc5 36. Bd6 f5+ 37. Kd3 Bxd6 38. exd6 Rd8 39. Rb6 a5 40. Kd4 Rd7 41. Ke5 Kf7 42. Rc6 b4 43. Rc7 Ke8 44. Kxe6 Rd8 45. Rh7 Ra8 1-0

[Event "FIDE World Rapid Team"]
[Site "Astana KAZ"]
[Date "2024.08.02"]
[Round "2.19"]
[White "Klementy Sychev"]
[Black "Arjun Erigaisi"]
[Result "0-1"]
[EventDate "2024.08.02"]
[WhiteElo "2583"]
[BlackElo "2671"]
[PlyCount "76"]

1. e4 e6 2. d4 d5 3. Nc3 Nf6 4. Bg5 Be7 5. e5 Nfd7 6. Bxe7 Qxe7 7. f4 a6 8. Nf3 c5 9. dxc5 Nc6 10. Qd2 Nxc5 11. Bd3 b5 12. O-O Bb7 13. Ne2 f6 14. Ned4 Nxd4 15. Nxd4 O-O 16. Rae1 Ne4 17. Qe3 f5 18. Kh1 b4 19. Rg1 a5 20. g4 a4 21. gxf5 exf5 22. Bxe4 dxe4 23. Rg5 g6 24. Reg1 Kh8 25. a3 bxa3 26. bxa3 Rac8 27. h4 h6 28. Rxg6 Qxh4+ 29. Kg2 Rg8 30. Kf1 Rxg6 31. Rg3 Rg5 32. Rxg5 Qh5 33. Rg2 Bd5 34. Kg1 Rb8 35. Ne2 Qf3 36. Qd4 Rb1+ 37. Kh2 Qh5+ 38. Kg3 Qg4+ 0-1

[Event "FIDE World Rapid Team"]
[Site "Astana KAZ"]
[Date "2024.08.02"]
[Round "3.1"]
[White "Arjun Erigaisi"]
[Black "Magnus Carlsen"]
[Result "0-1"]
[EventDate "2024.08.02"]
[WhiteElo "2729"]
[BlackElo "2887"]
[PlyCount "110"]

1. e4 e5 2. Nf3 Nc6 3. Bb5 Nf6 4. d3 d6 5. O-O Be7 6. d4 O-O 7. d5 a6 8. Be2 Nb8 9. Bd3 Nbd7 10. c4 Nc5 11. Nc3 Nxd3 12. Qxd3 Ne8 13. a4 f5 14. a5 fxe4 15. Nxe4 Bf5 16. Be3 Nf6 17. Nfd2 Qe8 18. Nxf6+ Rxf6 19. Ne4 Rf8 20. f3 Qg6 21. b4 h5 22. b5 h4 23. b6 cxb6 24. Bxb6 Rac8 25. c5 h3 26. g3 Bxe4 27. Qxe4 Qxe4 28. fxe4 dxc5 29. Rxf8+ Kxf8 30. Kf2 c4 31. Ke2 Bc5 32. Rb1 c3 33. Kd3 Bxb6 34. axb6 c2 35. Rc1 Ke7 36. Rxc2 Rxc2 37. Kxc2 Kd6 38. Kb3 Kc5 39. g4 g5 40. Kc3 Kxb6 41. Kb4 a5+ 42. Kc4 Kc7 43. Kb5 b6 44. Ka4 Kd7 45. Kb5 Kd6 46. Kc4 a4 47. Kb4 b5 48. Ka3 Kc5 49. Kb2 b4 50. Kc2 b3+ 51. Kc3 Kb5 52. Kd2 a3 53. Kc3 a2 54. Kb2 Kc4 55. d6 Kd3 0-1

[Event "FIDE World Rapid Team"]
[Site "Astana KAZ"]
[Date "2024.08.02"]
[Round "4.13"]
[White "Shakhriyar Mamedyarov"]
[Black "Arjun Erigaisi"]
[Result "0-1"]
[EventDate "2024.08.02"]
[WhiteElo "2716"]
[BlackElo "2729"]
[PlyCount "52"]

1. d4 d5 2. c4 e6 3. Nc3 c6 4. e3 Nf6 5. Nf3 Nbd7 6. Qc2 Bd6 7. g4 h6 8. g5 hxg5 9. Nxg5 Qe7 10. Bd2 dxc4 11. Bxc4 b5 12. Be2 Bb7 13. Bf3 Rc8 14. O-O-O Nd5 15. Nge4 Bb8 16. Kb1 c5 17. dxc5 b4 18. Nxd5 exd5 19. Bxb4 dxe4 20. Bg4 Bc6 21. Qc3 Be5 22. Qa3 Rb8 23. Bxd7+ Bxd7 24. b3 Bc6 25. Qa6 Qb7 26. Qa5 Bc7 0-1

[Event "Stepan Avagyan Mem 2024"]
[Site "Jermuk ARM"]
[Date "2024.06.18"]
[Round "9.3"]
[White "Manuel Petrosyan"]
[Black "Arjun Erigaisi"]
[Result "1/2-1/2"]
[EventDate "2024.06.10"]
[WhiteElo "2625"]
[BlackElo "2761"]
[PlyCount "86"]

1. e4 d5 2. exd5 Qxd5 3. Nc3 Qd6 4. d4 Nf6 5. Nf3 g6 6. g3 Bg7 7. Bg2 Qa6 8. Qe2 Qxe2+ 9. Nxe2 Bf5 10. c3 Be4 11. O-O Nbd7 12. Ne5 Bxg2 13. Kxg2 Nxe5 14. dxe5 Nd5 15. Nf4 Nb6 16. e6 Rd8 17. Be3 Nc4 18. Rad1 Rd6 19. Bc1 fxe6 20. b3 Na5 21. Ba3 Ra6 22. Bb4 Be5 23. Nd3 Bd6 24. c4 Bxb4 25. Nxb4 Rd6 26. Rfe1 c5 27. Nd3 b6 28. Ne5 O-O 29. Rd3 Kg7 30. h4 Nb7 31. Re2 Rxd3 32. Nxd3 Kf6 33. Nf4 Nd8 34. Re3 Rg8 35. Kf3 e5 36. Nd5+ Ke6 37. Nf4+ Kf5 38. g4+ Kf6 39. Nd5+ Ke6 40. Nf4+ Kf6 41. Nd5+ Ke6 42. Nf4+ Kf6 43. Nd5+ 1/2-1/2

[Event "Stepan Avagyan Mem 2024"]
[Site "Jermuk ARM"]
[Date "2024.06.17"]
[Round "8"]
[White "Arjun Erigaisi"]
[Black "Volodar Murzin"]
[Result "1-0"]
[EventDate "2024.06.10"]
[WhiteElo "2761"]
[BlackElo "2650"]
[PlyCount "126"]

1. e4 e5 2. Nf3 Nc6 3. Bb5 Nf6 4. d3 Bc5 5. a4 O-O 6. O-O Re8 7. Nc3 Nd4 8. Nxd4 Bxd4 9. Ne2 c6 10. Nxd4 exd4 11. Bc4 d5 12. exd5 Nxd5 13. Qf3 Be6 14. Bd2 Nc7 15. Bxe6 Rxe6 16. Rfe1 Qd5 17. Qxd5 Nxd5 18. Rxe6 fxe6 19. a5 c5 20. Kf1 Rc8 21. Ke2 Kf7 22. c4 dxc3 23. bxc3 c4 24. Ra4 cxd3+ 25. Kxd3 Rd8 26. Kc2 a6 27. Rh4 h6 28. c4 Ne7 29. Rf4+ Kg8 30. Rg4 Kf7 31. Bc3 Nf5 32. Rf4 Kg8 33. h4 h5 34. g3 Rd7 35. Re4 Kf7 36. Re5 Rc7 37. Kb3 Ke7 38. Re1 Kf7 39. Re5 Ke7 40. Kb4 Kd6 41. Re1 Rc8 42. Be5+ Kd7 43. Rb1 Rf8 44. Ka4 Kc6 45. Rb6+ Kc5 46. Rxb7 Kxc4 47. Ra7 Kd5 48. Bb2 Rb8 49. Ba3 Rc8 50. Rxa6 Rc4+ 51. Bb4 Rc2 52. Rb6 Nd4 53. a6 Ra2+ 54. Ba3 Nc2 55. Rb3 Nxa3 56. Rxa3 Rxf2 57. a7 Rf8 58. Kb5 Ra8 59. Kb6 e5 60. Kb7 Rf8 61. a8=Q Rxa8 62. Rxa8 e4 63. Ra5+ 1-0

[Event "Stepan Avagyan Mem 2024"]
[Site "Jermuk ARM"]
[Date "2024.06.16"]
[Round "7"]
[White "Bogdan-Daniel Deac"]
[Black "Arjun Erigaisi"]
[Result "1/2-1/2"]
[EventDate "2024.06.10"]
[WhiteElo "2680"]
[BlackElo "2761"]
[PlyCount "68"]

1. d4 Nf6 2. c4 g6 3. Nc3 d5 4. cxd5 Nxd5 5. e4 Nxc3 6. bxc3 Bg7 7. Nf3 c5 8. Bb5+ Nc6 9. O-O O-O 10. Be3 Bg4 11. Bxc6 bxc6 12. Rc1 Rb8 13. Qa4 Bxf3 14. gxf3 cxd4 15. cxd4 e5 16. dxe5 Bxe5 17. Rc5 Re8 18. Kg2 Qh4 19. Rh1 Bf4 20. Bxf4 Qxf4 21. Qxc6 Qd2 22. Qa4 Red8 23. Rhc1 a6 24. Qxa6 Rb2 25. Rf1 Kg7 26. Qc4 Rd3 27. Rd5 Rxd5 28. Qxd5 Qxd5 29. exd5 Rxa2 30. Rd1 Kf6 31. d6 Ra8 32. Kg3 Ke6 33. Kf4 f6 34. Ke4 1/2-1/2

[Event "Stepan Avagyan Mem 2024"]
[Site "Jermuk ARM"]
[Date "2024.06.15"]
[Round "6"]
[White "Arjun Erigaisi"]
[Black "M Bluebaum"]
[Result "1-0"]
[EventDate "2024.06.10"]
[WhiteElo "2761"]
[BlackElo "2647"]
[PlyCount "86"]

1. d4 Nf6 2. c4 e6 3. Nf3 d5 4. cxd5 exd5 5. Nc3 Bb4 6. Bf4 O-O 7. e3 c5 8. Bd3 Nc6 9. O-O Bg4 10. dxc5 Bxc5 11. h3 Bxf3 12. Qxf3 d4 13. Ne4 Be7 14. Rad1 Qa5 15. a3 Rad8 16. exd4 Qb6 17. Nxf6+ Bxf6 18. d5 Nd4 19. Qe4 g6 20. Rfe1 Nf5 21. Rd2 Rd7 22. Qc4 Nd6 23. Qa4 Qd8 24. Qxa7 Nc8 25. Qe3 Nb6 26. Qf3 Bg5 27. Be4 Re8 28. Red1 Nc4 29. Re2 Bxf4 30. Qxf4 Qb6 31. Rde1 Qd4 32. Qh6 Re5 33. b3 Rh5 34. Qc1 Ne5 35. b4 Qb6 36. Rc2 Kg7 37. Rc8 Qd4 38. Qc5 Qb2 39. Qf8+ Kf6 40. Qh8+ Kg5 41. f4+ Kxf4 42. Qf6+ Rf5 43. Qh4+ 1-0

[Event "Stepan Avagyan Mem 2024"]
[Site "Jermuk ARM"]
[Date "2024.06.14"]
[Round "5.1"]
[White "Arjun Erigaisi"]
[Black "Haik M Martirosyan"]
[Result "1/2-1/2"]
[EventDate "2024.06.10"]
[WhiteElo "2761"]
[BlackElo "2662"]
[PlyCount "102"]

1. e4 e5 2. d4 exd4 3. Qxd4 Nc6 4. Qe3 Nf6 5. Bd2 Bb4 6. c3 Ba5 7. c4 Bxd2+ 8. Nxd2 O-O 9. Ne2 Re8 10. Nc3 d5 11. Nxd5 Nxd5 12. cxd5 Nb4 13. Qb3 Nxd5 14. Bc4 c6 15. O-O b5 16. Bxd5 cxd5 17. exd5 Bb7 18. Qxb5 Bxd5 19. Rfd1 a6 20. Qd3 Bxa2 21. Qxd8 Raxd8 22. b3 Rxd2 23. Rxd2 Bxb3 24. Rd3 Bc4 25. Rd4 Bb3 26. Rb4 Bc2 27. f3 h5 28. Rxa6 g6 29. Ra7 Bf5 30. Kf2 Rc8 31. Ke3 Kg7 32. Ra2 Be6 33. Rd2 Kf6 34. h4 Rc3+ 35. Kf4 Rc5 36. Rd8 Rf5+ 37. Ke3 Re5+ 38. Re4 Rc5 39. Re8 Rc2 40. g4 hxg4 41. fxg4 Kg7 42. g5 Bf5 43. Rb4 Rc8 44. Rxc8 Bxc8 45. Kd4 Be6 46. Rb2 Bg4 47. Rb6 Be2 48. Kd5 Bg4 49. Ke5 Bd7 50. Rf6 Ba4 51. Ke4 1/2-1/2

[Event "Stepan Avagyan Mem 2024"]
[Site "Jermuk ARM"]
[Date "2024.06.13"]
[Round "4.5"]
[White "Samuel Sevian"]
[Black "Arjun Erigaisi"]
[Result "1/2-1/2"]
[EventDate "2024.06.10"]
[WhiteElo "2687"]
[BlackElo "2761"]
[PlyCount "50"]

1. d4 Nf6 2. c4 e6 3. Nf3 d5 4. Nc3 Bb4 5. cxd5 exd5 6. Bg5 h6 7. Bh4 O-O 8. e3 Bf5 9. Be2 Nbd7 10. Qb3 Bxc3+ 11. Qxc3 g5 12. Bg3 Ne4 13. Qb3 Nb6 14. Nd2 Nxg3 15. hxg3 Kg7 16. g4 Bg6 17. Nf1 Qd6 18. Ng3 Nd7 19. Bd3 a5 20. Rc1 a4 21. Qc3 c6 22. Rh3 Nf6 23. Nf5+ Bxf5 24. Bxf5 Qe7 25. Kd2 1/2-1/2

[Event "Stepan Avagyan Mem 2024"]
[Site "Jermuk ARM"]
[Date "2024.06.12"]
[Round "3.2"]
[White "Arjun Erigaisi"]
[Black "M Amin Tabatabaei"]
[Result "1/2-1/2"]
[EventDate "2024.06.10"]
[WhiteElo "2761"]
[BlackElo "2713"]
[PlyCount "60"]

1. d4 d5 2. c4 c6 3. Nf3 Nf6 4. e3 Bf5 5. Nc3 e6 6. Nh4 Bg6 7. Be2 Nbd7 8. O-O dxc4 9. Bxc4 Be7 10. Nxg6 hxg6 11. Bd2 O-O 12. Qc2 b5 13. Be2 Qb6 14. a4 a6 15. Rfc1 Rac8 16. h3 Qb8 17. axb5 axb5 18. Ne4 c5 19. Nxc5 Nxc5 20. dxc5 Rxc5 21. Qb3 Rxc1+ 22. Rxc1 b4 23. Qc4 Rd8 24. Be1 Nd5 25. Bf3 Qe5 26. Qb3 Qb8 27. g3 Rc8 28. Rd1 Nf6 29. Kg2 Qb5 30. Qd3 1/2-1/2

[Event "Stepan Avagyan Mem 2024"]
[Site "Jermuk ARM"]
[Date "2024.06.11"]
[Round "2.4"]
[White "Shant Sargsyan"]
[Black "Arjun Erigaisi"]
[Result "0-1"]
[EventDate "2024.06.10"]
[WhiteElo "2639"]
[BlackElo "2761"]
[PlyCount "96"]

1. e4 e5 2. Nf3 Nc6 3. Bb5 f5 4. d3 fxe4 5. dxe4 Nf6 6. O-O d6 7. Bc4 Bg4 8. h3 Bh5 9. Nc3 Qd7 10. Nd5 O-O-O 11. Re1 Nd4 12. Nxf6 gxf6 13. Nxd4 Bxd1 14. Be6 Bh5 15. Bxd7+ Kxd7 16. Nf5 Bf7 17. Bh6 c6 18. Rad1 Kc7 19. f4 Bg6 20. Bxf8 Rhxf8 21. g4 b5 22. Kf2 Rfe8 23. Kg3 Bxf5 24. exf5 e4 25. g5 d5 26. b4 a5 27. a3 Ra8 28. c3 Kd6 29. Kg4 axb4 30. axb4 Ra2 31. h4 Rc2 32. gxf6 h5+ 33. Kh3 Rxc3+ 34. Kh2 e3 35. Rg1 Rf8 36. Rg6 Rc2+ 37. Kg3 e2 38. f7+ Kd7 39. Ra1 Ra2 40. Rc1 Rxf7 41. Kf3 Re7 42. Re1 d4 43. f6 Re3+ 44. Kf2 Ke6 45. f7+ Kxf7 46. Rxc6 Re4 47. Kf3 Re7 48. Rd6 Rd2 0-1

[Event "Stepan Avagyan Mem 2024"]
[Site "Jermuk ARM"]
[Date "2024.06.10"]
[Round "1.3"]
[White "Arjun Erigaisi"]
[Black "Robert Hovhannisyan"]
[Result "1-0"]
[EventDate "2024.06.10"]
[WhiteElo "2761"]
[BlackElo "2611"]
[PlyCount "94"]

1. e4 e5 2. Nf3 Nc6 3. Bb5 Nf6 4. d3 Bc5 5. c3 O-O 6. O-O d5 7. exd5 Qxd5 8. Bc4 Qd8 9. Qc2 h6 10. b4 Bd6 11. Be3 a6 12. Nbd2 Re8 13. a4 Be6 14. Bxe6 Rxe6 15. Ne4 Ne7 16. Rfb1 Nf5 17. Bd2 Nxe4 18. dxe4 Nh4 19. Ne1 Be7 20. c4 Qd7 21. Bc3 Rd8 22. g3 Ng6 23. Qe2 Nf8 24. a5 c6 25. c5 Bf6 26. Rd1 Qc8 27. Ng2 Rxd1+ 28. Rxd1 Re8 29. Ne3 Rd8 30. Nc4 Rxd1+ 31. Qxd1 Qe6 32. Nd6 Qd7 33. Qh5 Qe7 34. h4 Qe6 35. Nxb7 Qb3 36. Qf3 Ne6 37. Kg2 Qc2 38. Nd6 Nd4 39. Bxd4 exd4 40. e5 Bxe5 41. Qxf7+ Kh7 42. Qe8 Qe2 43. Qxc6 d3 44. Qe4+ g6 45. Qb7+ Bg7 46. Ne4 Qb2 47. c6 1-0

[Event "7th Sharjah Masters 2024"]
[Site "Sharjah UAE"]
[Date "2024.05.21"]
[Round "8.2"]
[White "Alexey Sarana"]
[Black "Arjun Erigaisi"]
[Result "1/2-1/2"]
[EventDate "2024.05.14"]
[WhiteElo "2706"]
[BlackElo "2762"]
[PlyCount "32"]

1. d4 Nf6 2. c4 g6 3. Nc3 d5 4. Bf4 Bg7 5. e3 c5 6. dxc5 Qa5 7. Rc1 dxc4 8. Bxc4 O-O 9. Ne2 Qxc5 10. Qb3 Qa5 11. O-O Nbd7 12. Rfd1 Nc5 13. Qb5 Qxb5 14. Nxb5 Be6 15. Bxe6 Nxe6 16. Be5 a6 1/2-1/2

[Event "Superbet Poland Rapid & Blitz"]
[Site "Warsaw POL"]
[Date "2024.05.10"]
[Round "8"]
[White "R Praggnanandhaa"]
[Black "Arjun Erigaisi"]
[Result "1/2-1/2"]
[EventDate "2024.05.08"]
[WhiteElo "2747"]
[BlackElo "2762"]
[PlyCount "96"]

1. e4 c6 2. Nf3 d5 3. d3 g6 4. e5 Bg7 5. d4 f6 6. exf6 Nxf6 7. Be2 O-O 8. O-O Ne4 9. c4 Bf5 10. Nc3 Nd7 11. cxd5 Nxc3 12. bxc3 cxd5 13. Qb3 Nb6 14. Ba3 Qc7 15. Rfe1 Bf6 16. Bf1 Nc4 17. Bxc4 dxc4 18. Qb2 Rad8 19. Re3 Rd5 20. Rae1 Re8 21. h3 b5 22. Bc5 Rxc5 23. dxc5 Qxc5 24. Re5 Bxe5 25. Rxe5 Qc7 26. Qxb5 Rb8 27. Rxe7 Rxb5 28. Rxc7 Rb1+ 29. Kh2 Rb2 30. Rxa7 Rxf2 31. Nd4 Be4 32. Kg3 Rd2 33. Re7 Bd5 34. Re2 Rd3+ 35. Kf4 Rxc3 36. a4 Ra3 37. Nb5 Ra1 38. Ke5 Bf7 39. Nc3 Be8 40. Re4 Bxa4 41. Rxc4 Bb3 42. Rc7 Ra5+ 43. Kd4 Bf7 44. Ke3 Re5+ 45. Kf4 Rf5+ 46. Ke3 Re5+ 47. Kf4 Rf5+ 48. Ke3 Re5+ 1/2-1/2

[Event "Superbet Poland Rapid & Blitz"]
[Site "Warsaw POL"]
[Date "2024.05.10"]
[Round "7"]
[White "Arjun Erigaisi"]
[Black "D Gukesh"]
[Result "1/2-1/2"]
[EventDate "2024.05.08"]
[WhiteElo "2762"]
[BlackElo "2764"]
[PlyCount "130"]

1. Nf3 d5 2. g3 Nc6 3. d4 Bf5 4. Bg2 e6 5. O-O Nb4 6. Ne1 Be7 7. c4 Nf6 8. a3 Nc6 9. cxd5 exd5 10. Nc3 O-O 11. Bg5 Ne4 12. Bxe7 Nxe7 13. Nd3 Re8 14. Rc1 c6 15. Nxe4 Bxe4 16. Bxe4 dxe4 17. Nc5 b6 18. Nxe4 Nf5 19. Nc3 Nxd4 20. e3 Ne6 21. Qf3 Rc8 22. h4 Nc5 23. Rfd1 Qe7 24. Kg2 Nd7 25. Ne4 Ne5 26. Qf5 Rcd8 27. Rxd8 Rxd8 28. Ng5 g6 29. Qe4 Qd6 30. h5 h6 31. Nf3 Nxf3 32. Qxf3 c5 33. hxg6 fxg6 34. b4 Qd5 35. bxc5 bxc5 36. Qxd5+ Rxd5 37. Kf3 Kf7 38. Ke4 Ke6 39. f4 h5 40. a4 g5 41. Rf1 Kd6 42. f5 Re5+ 43. Kd3 Re8 44. e4 Rb8 45. Rh1 Rb3+ 46. Kc4 Rb4+ 47. Kd3 Rd4+ 48. Kc3 Rxe4 49. Rxh5 Rg4 50. a5 Kd5 51. Rh7 Rxg3+ 52. Kd2 Rf3 53. Rxa7 Rxf5 54. a6 Kc4 55. Rg7 Rf2+ 56. Kd1 Kd3 57. Kc1 Kc3 58. Kb1 Rb2+ 59. Kc1 Ra2 60. Kb1 Rb2+ 61. Kc1 Ra2 62. Kb1 Rxa6 63. Rxg5 Rb6+ 64. Kc1 c4 65. Rg3+ Kb4 1/2-1/2